Special issue on health care for an aging population (Record no. 9656)

000 -LEADER
fixed length control field 00323pab a2200121 454500
008 - FIXED-LENGTH DATA ELEMENTS--GENERAL INFORMATION
fixed length control field 180718b1985 xxu||||| |||| 00| 0 eng d
245 ## - TITLE STATEMENT
Title Special issue on health care for an aging population
260 ## - PUBLICATION, DISTRIBUTION, ETC.
Date of publication, distribution, etc. 1985
300 ## - PHYSICAL DESCRIPTION
Extent 225-293
650 ## - SUBJECT ADDED ENTRY--TOPICAL TERM
Topical term or geographic name entry element Health Services
773 ## - HOST ITEM ENTRY
Main entry heading Socio - Economic Planning Sciences
909 ## -
-- 9656
Holdings
Withdrawn status Lost status Damaged status Not for loan Permanent Location Current Location Date acquired Serial Enumeration / chronology Barcode Date last seen Price effective from Koha item type
        Indian Institute of Public Administration Indian Institute of Public Administration 2018-07-19 Volume no: 19, Issue no: 4 AR9671 2018-07-19 2018-07-19 Articles

Powered by Koha